[Event "32nd WCh U20 Girls"]
[Site "Pune IND"]
[Date "2014.10.14"]
[Round "8.31"]
[White "Tejaswini, Sagar"]
[Black "Krumova, Ani"]
[Result "1-0"]
[WhiteElo "1876"]
[BlackElo "1998"]
[EventDate "2014.10.06"]
[PlyCount "107"]

1.e4 c5 2.Nf3 Nc6 3.d4 cxd4 4.Nxd4 g6 5.Nc3 Bg7 6.Be3 Nf6 7.f3 O-O 8.Qd2 
d5 9.exd5 Nxd5 10.Nxd5 Qxd5 11.Nxc6 Qxc6 12.O-O-O Bf5 13.Kb1 Rad8 14.Bd3 
Qf6 15.Qc1 Bxd3 16.Rxd3 Rxd3 17.cxd3 Qd6 18.Qc2 Rd8 19.Rd1 Qxh2 20.Bxa7 h5
21.Bb6 Ra8 22.d4 Qd6 23.Bc5 Qe6 24.a3 Rc8 25.Qd2 Qd5 26.Bxe7 Kh7 27.Qd3 
Re8 28.Bc5 Qg5 29.Qd2 Qd5 30.Bb4 Bh6 31.Qc2 h4 32.Rd3 b6 33.Qd1 Qf5 34.d5 
Bg5 35.Ka1 Bd8 36.d6 Qg5 37.Qd2 Qxd2 38.Rxd2 Kg7 39.Ka2 Rh8 40.Kb3 f6 41.
Kc4 h3 42.gxh3 Rxh3 43.Rd3 g5 44.Rc3 f5 45.Kd5 g4 46.fxg4 fxg4 47.Rxh3 
gxh3 48.Bc3+ Bf6 49.d7 h2 50.Bxf6+ Kf7 51.d8=Q h1=Q+ 52.Kd6 Qd1+ 53.Kc7 
Qc2+ 54.Bc3 1-0

[Event "32nd WCh U20 Girls"]
[Site "Pune IND"]
[Date "2014.10.14"]
[Round "8.32"]
[White "Supriya, Joshi"]
[Black "Bakshi, Rutuja"]
[Result "1-0"]
[WhiteElo "1857"]
[BlackElo "1959"]
[EventDate "2014.10.06"]
[PlyCount "95"]

1.e4 e6 2.d4 d5 3.Nd2 Nf6 4.e5 Nfd7 5.Bd3 c5 6.c3 Nc6 7.Ngf3 Qb6 8.O-O 
cxd4 9.cxd4 Nxd4 10.Nxd4 Qxd4 11.Nf3 Qb6 12.Qa4 Qb4 13.Qc2 g6 14.Bd2 Qb6 
15.Rac1 Be7 16.Bh6 a6 17.a3 Qd8 18.Qa4 Rb8 19.Qf4 Bf8 20.Rc3 Bxh6 21.Qxh6 
Qe7 22.Rfc1 Nb6 23.h4 Bd7 24.h5 Qf8 25.Qe3 Nc8 26.Rc7 Rg8 27.h6 Kd8 28.Ng5
Rh8 29.Qf4 Ke8 30.Qf6 Rg8 31.Nxf7 Qe7 32.Ng5 Rf8 33.Qxe7+ Kxe7 34.Nxh7 Rh8
35.Nf6 Nb6 36.h7 g5 37.a4 a5 38.Bb5 Rbd8 39.Rxb7 Rb8 40.Rxb8 Rxb8 41.Ng8+ 
Rxg8 42.hxg8=Q Bxb5 43.axb5 Nc4 44.b6 Nxb6 45.Rc7+ Nd7 46.Qg7+ Ke8 47.
Qxd7+ Kf8 48.Qf7# 1-0

[Event "32nd WCh U20 Girls"]
[Site "Pune IND"]
[Date "2014.10.14"]
[Round "8.33"]
[White "Bidhar, Rutumbara"]
[Black "Bala Kannamma, P."]
[Result "1/2-1/2"]
[WhiteElo "1780"]
[BlackElo "2023"]
[EventDate "2014.10.06"]
[PlyCount "99"]

1.d4 Nf6 2.Nf3 e6 3.g3 b6 4.Bg2 Bb7 5.O-O Be7 6.c4 O-O 7.Nc3 Ne4 8.Qc2 
Nxc3 9.bxc3 f5 10.e3 Be4 11.Qe2 d6 12.Rd1 Nd7 13.Ne1 Bxg2 14.Nxg2 e5 15.e4
fxe4 16.Qxe4 Kh8 17.f4 exd4 18.cxd4 Bf6 19.Rb1 Re8 20.Qf3 Qe7 21.Be3 Qe4 
22.Qxe4 Rxe4 23.Rd2 Rae8 24.Bf2 Kg8 25.Kf1 Nf8 26.c5 dxc5 27.dxc5 Rc4 28.
cxb6 axb6 29.Ne3 Rc6 30.Nd5 Kf7 31.Nxf6 gxf6 32.a4 Rc4 33.Ra2 Ra8 34.Rba1 
Ne6 35.a5 bxa5 36.Rxa5 Rxa5 37.Rxa5 Ng7 38.Ke2 Rc2+ 39.Kf3 Rc3+ 40.Ke2 Kg6
41.g4 h5 42.g5 Nf5 43.Ra8 Rc2+ 44.Kf3 Ne7 45.gxf6 Kxf6 46.Bh4+ Kf7 47.Bxe7
Kxe7 48.Rh8 Rxh2 49.Kg3 Rh1 50.Kg2 1/2-1/2

[Event "32nd WCh U20 Girls"]
[Site "Pune IND"]
[Date "2014.10.14"]
[Round "8.34"]
[White "Gagare, Shalmali"]
[Black "Sunyasakta, Satpathy"]
[Result "0-1"]
[WhiteElo "2088"]
[BlackElo "1926"]
[EventDate "2014.10.06"]
[PlyCount "98"]

1.c4 c6 2.Nf3 Nf6 3.g3 d5 4.Bg2 Bf5 5.cxd5 cxd5 6.Qb3 Nc6 7.Qxb7 Rc8 8.Na3
e5 9.O-O e4 10.Ne1 Na5 11.Qxa7 Bc5 12.Qa6 Rc6 13.Qb5 Bd7 14.b4 Bxf2+ 15.
Kxf2 Rxc1 16.Qxa5 Qxa5 17.bxa5 Rxa1 18.Nec2 Rxa2 19.Rb1 O-O 20.a6 Ba4 21.
Rc1 Bxc2 22.Nxc2 Rc8 23.Nb4 Rxc1 24.Nxa2 Ra1 25.Bh3 Rxa2 26.Bc8 Rxd2 27.
Ke3 Ra2 28.Bb7 Ra4 29.Kf4 Kf8 30.g4 Ke7 31.Ke5 Nxg4+ 32.Kxd5 Nxh2 33.Kc6 
Ng4 34.Kb6 Ne5 35.Bd5 Kd6 36.Ba8 Nd7+ 37.Kb5 Nc5 38.Bb7 Rxa6 39.Bxa6 Nxa6 
40.Kxa6 h5 41.Kb5 h4 42.Kc4 h3 43.Kd4 h2 44.Kxe4 h1=Q+ 45.Kf4 Qh4+ 46.Kf3 
Ke5 47.e3 g5 48.Kg2 Ke4 49.Kg1 Ke5 0-1

[Event "32nd WCh U20 Girls"]
[Site "Pune IND"]
[Date "2014.10.14"]
[Round "8.35"]
[White "Afraoui, Solenn"]
[Black "Munoz, Claudia"]
[Result "1/2-1/2"]
[WhiteElo "1989"]
[BlackElo "1906"]
[EventDate "2014.10.06"]
[PlyCount "104"]

1.d4 Nf6 2.c4 e6 3.Nc3 Bb4 4.Nf3 c5 5.e3 O-O 6.Be2 b6 7.O-O Bb7 8.Qc2 Bxc3
9.Qxc3 Ne4 10.Qc2 d6 11.b3 Nd7 12.Bb2 f5 13.dxc5 Ndxc5 14.b4 Nd7 15.Nd4 
Qe7 16.f3 Ng5 17.Qd2 a6 18.Rac1 e5 19.Nb3 Rf6 20.c5 dxc5 21.Rfd1 Rd8 22.
bxc5 Rg6 23.Kh1 Nf7 24.Bc4 Rh6 25.Bxf7+ Kxf7 26.Qc2 Qg5 27.Qc4+ Ke8 28.Rd6
Rxd6 29.cxd6 Qf6 30.Ba3 Qf7 31.Qh4 h6 32.f4 Bd5 33.Qe7+ Qxe7 34.dxe7 Ra8 
35.fxe5 Bxb3 36.axb3 Nxe5 37.Kg1 Ng6 38.Rc7 b5 39.Rb7 Ne5 40.h3 Nc6 41.Rc7
b4 42.Bb2 Nxe7 43.Bxg7 h5 44.Bd4 Rc8 45.Rxc8+ Nxc8 46.Bc5 a5 47.Kf2 Kf7 
48.Ke2 Ke6 49.Kd3 Kd5 50.Bd4 Ne7 51.Bb6 Nc6 52.h4 Ke5 1/2-1/2

[Event "32nd WCh U20 Girls"]
[Site "Pune IND"]
[Date "2014.10.14"]
[Round "8.36"]
[White "Hinduja, Reddy"]
[Black "Lalaoui, Feriel"]
[Result "1-0"]
[WhiteElo "1934"]
[BlackElo "1739"]
[EventDate "2014.10.06"]
[PlyCount "111"]

1.Nf3 Nf6 2.c4 e6 3.g3 d5 4.Bg2 Be7 5.O-O O-O 6.d4 c5 7.Nc3 cxd4 8.Nb5 Nc6
9.cxd5 exd5 10.Nfxd4 a6 11.Nxc6 bxc6 12.Nd4 Qc7 13.Qc2 Bb7 14.Nf5 Rfe8 15.
Bf4 Qb6 16.Nxe7+ Rxe7 17.Bg5 c5 18.Rac1 Rc8 19.Rfd1 d4 20.Bxb7 Rxb7 21.
Rxd4 Qxb2 22.Qxc5 Re8 23.Rd2 Qb6 24.Bxf6 Qxf6 25.Rd6 Qe7 26.e3 Ra7 27.Rcd1
g6 28.Qa5 Qb7 29.Qa4 Raa8 30.Rd7 Qb2 31.Qc4 Rf8 32.h4 Rac8 33.Qxa6 Rc2 34.
Rf1 Qxa2 35.Qd3 Rc5 36.Rd8 Rc8 37.Rd5 Qc4 38.Qd1 Qc2 39.Qg4 Rcd8 40.Rfd1 
Rxd5 41.Rxd5 Qc1+ 42.Kg2 Rb8 43.Qd4 Qc6 44.Kh2 Qb6 45.Qf4 Rd8 46.e4 Ra8 
47.h5 Ra2 48.Kg2 gxh5 49.Qg5+ Qg6 50.Qd8+ Kg7 51.Rg5 Ra4 52.Rxg6+ hxg6 53.
e5 Re4 54.Qf6+ Kg8 55.Kf3 Re1 56.Kf4 1-0

[Event "32nd WCh U20 Girls"]
[Site "Pune IND"]
[Date "2014.10.14"]
[Round "8.37"]
[White "Terzidaki, Alexandra"]
[Black "Shristi Shetty, J."]
[Result "1-0"]
[WhiteElo "1902"]
[BlackElo "1907"]
[EventDate "2014.10.06"]
[PlyCount "67"]

1.e4 c5 2.Nf3 Nc6 3.d4 cxd4 4.Nxd4 Nf6 5.Nc3 e5 6.Ndb5 d6 7.Bg5 a6 8.Na3 
b5 9.Nd5 Be7 10.Bxf6 Bxf6 11.c4 b4 12.Nc2 Rb8 13.b3 O-O 14.Be2 Bg5 15.O-O 
f5 16.f3 a5 17.Kh1 Be6 18.exf5 Bxf5 19.Bd3 Be6 20.Be4 Ne7 21.a3 a4 22.
Ncxb4 axb3 23.Rb1 Qc8 24.Nxe7+ Bxe7 25.Bd5 Kh8 26.Nc6 Rb7 27.Rxb3 Rxb3 28.
Qxb3 Bxd5 29.cxd5 Qa6 30.Rb1 Bg5 31.a4 e4 32.Qb8 Kg8 33.Qxd6 exf3 34.Ne7+ 
1-0

[Event "32nd WCh U20 Girls"]
[Site "Pune IND"]
[Date "2014.10.14"]
[Round "8.38"]
[White "Salonika, Saina"]
[Black "Samudin, Elina"]
[Result "1/2-1/2"]
[WhiteElo "1737"]
[BlackElo "1623"]
[EventDate "2014.10.06"]
[PlyCount "74"]

1.e4 d5 2.exd5 Qxd5 3.Nc3 Qa5 4.d4 c6 5.Nf3 Nf6 6.Bc4 Bf5 7.Bd2 e6 8.Qe2 
Qc7 9.O-O Bd6 10.h3 O-O 11.Bg5 Nbd7 12.Nh4 Bg6 13.Nxg6 hxg6 14.Ne4 e5 15.
Bxf6 gxf6 16.Qg4 Kg7 17.Ng3 Rh8 18.Rad1 Kf8 19.Qf3 Rh4 20.c3 exd4 21.cxd4 
Rf4 22.Qd3 Nb6 23.Bb3 Re8 24.Rfe1 Rxe1+ 25.Rxe1 Nd5 26.Bxd5 cxd5 27.Re2 
Kg7 28.Rc2 Qe7 29.Qe3 Qd7 30.b3 a6 31.f3 Qd8 32.Ne2 Rh4 33.Nc3 Bb4 34.Na4 
Rh8 35.Re2 Qd6 36.f4 Rc8 37.f5 b5 1/2-1/2

[Event "32nd WCh U20 Girls"]
[Site "Pune IND"]
[Date "2014.10.15"]
[Round "9.1"]
[White "Chumpitaz Carbajal, Ann"]
[Black "Goryachkina, Alexandra"]
[Result "0-1"]
[WhiteElo "2201"]
[BlackElo "2430"]
[EventDate "2014.10.06"]
[PlyCount "102"]

1.d4 d5 2.c4 e6 3.Nc3 c6 4.cxd5 exd5 5.Nf3 Bd6 6.Bg5 Ne7 7.e3 h6 8.Bh4 Qb6
9.Rb1 Nf5 10.Bd3 Nxh4 11.Nxh4 Qd8 12.Nf5 Bf8 13.O-O g6 14.Ng3 Bg7 15.b4 
O-O 16.Na4 a6 17.Qc2 Nd7 18.Nc5 h5 19.Ne2 h4 20.Kh1 Re8 21.a4 Qf6 22.h3 
Bf8 23.Ng1 Bd6 24.Qe2 Nf8 25.f4 a5 26.b5 Qe7 27.Rbe1 b6 28.Nb3 c5 29.Bc2 
Bb7 30.Qf2 Nd7 31.Nf3 Kg7 32.Qxh4 Nf6 33.Ne5 Rh8 34.Qg3 c4 35.Nd2 c3 36.
Ndf3 Ne4 37.Qh2 f6 38.Nd3 Rac8 39.g4 Rh7 40.Qg2 Rch8 41.Ng1 Rh4 42.Nf2 Nd2
43.Nf3 R4h7 44.Nxd2 cxd2 45.Re2 Bxf4 46.Qf3 Bg5 47.Rd1 Bh4 48.Nd3 Bg3 49.
Rdxd2 Rxh3+ 50.Kg2 Rh2+ 51.Kg1 R8h3 0-1

[Event "32nd WCh U20 Girls"]
[Site "Pune IND"]
[Date "2014.10.15"]
[Round "9.3"]
[White "Pustovoitova, Daria"]
[Black "Gelip, Ioana"]
[Result "1-0"]
[WhiteElo "2354"]
[BlackElo "2154"]
[EventDate "2014.10.06"]
[PlyCount "51"]

1.d4 f5 2.c4 Nf6 3.Nc3 g6 4.h4 d6 5.h5 Nxh5 6.Rxh5 gxh5 7.e4 Be6 8.d5 Bf7 
9.exf5 Qd7 10.Bd3 Na6 11.Nf3 O-O-O 12.Ng5 Qe8 13.Nb5 h6 14.Nxf7 Qxf7 15.
Nxa7+ Kb8 16.Be3 Nc5 17.Bxc5 dxc5 18.Nc6+ Kc8 19.Qa4 Bg7 20.Qa8+ Kd7 21.
Qxb7 Qf6 22.O-O-O Ra8 23.Re1 Rhc8 24.Rxe7+ Qxe7 25.Nxe7 Kxe7 26.Qc6 1-0

[Event "32nd WCh U20 Girls"]
[Site "Pune IND"]
[Date "2014.10.15"]
[Round "9.4"]
[White "Zhai Mo"]
[Black "Ibrahimova, Sabina"]
[Result "1-0"]
[WhiteElo "2339"]
[BlackElo "2271"]
[EventDate "2014.10.06"]
[PlyCount "83"]

1.d4 Nf6 2.Nf3 g6 3.Bf4 Bg7 4.e3 d6 5.h3 O-O 6.Be2 Nbd7 7.O-O Qe8 8.c4 e5 
9.Bh2 Qe7 10.Nc3 c6 11.b4 Ne8 12.Rb1 f5 13.b5 f4 14.bxc6 bxc6 15.dxe5 dxe5
16.Qa4 e4 17.Qxc6 exf3 18.Bxf3 Rb8 19.Nd5 Qd8 20.Rxb8 Nxb8 21.Qxc8 Qxc8 
22.Ne7+ Kh8 23.Nxc8 Nf6 24.Nxa7 fxe3 25.fxe3 Nbd7 26.Bf4 Rf7 27.Rb1 Bf8 
28.Rb7 Bc5 29.Nc6 Kg7 30.Nd8 Re7 31.Kf2 Re8 32.Nc6 Kh8 33.a4 Rf8 34.Ke2 
Re8 35.g4 Bf8 36.Rc7 h6 37.h4 g5 38.hxg5 hxg5 39.Bxg5 Bd6 40.Rb7 Rg8 41.
Bxf6+ Nxf6 42.a5 1-0

[Event "32nd WCh U20 Girls"]
[Site "Pune IND"]
[Date "2014.10.15"]
[Round "9.5"]
[White "Padmini, Rout"]
[Black "Frayna, Janelle Mae"]
[Result "1-0"]
[WhiteElo "2331"]
[BlackElo "2140"]
[EventDate "2014.10.06"]
[PlyCount "89"]

1.e4 Nf6 2.e5 Nd5 3.d4 d6 4.Nf3 dxe5 5.Nxe5 g6 6.Bc4 c6 7.O-O Bg7 8.Nd2 
O-O 9.Ndf3 Nd7 10.Nd3 a5 11.a4 N7f6 12.c3 Bf5 13.Re1 Qc7 14.Nfe5 Nd7 15.
Qf3 Nxe5 16.Nxe5 Rad8 17.h4 Be6 18.Qg3 c5 19.Bxd5 Bxd5 20.Nxg6 Qxg3 21.
Nxe7+ Kh8 22.fxg3 cxd4 23.Nxd5 Rxd5 24.cxd4 Bxd4+ 25.Kh2 Kg7 26.Ra3 b5 27.
Rd1 Rfd8 28.axb5 Bb6 29.Rf1 Rxb5 30.Raf3 Rd7 31.Kh3 Bc7 32.Bg5 Kf8 33.Bf6 
Rbd5 34.Rc1 Rd1 35.Rc5 R1d5 36.Rc4 h5 37.g4 Rd3 38.gxh5 Rxf3+ 39.gxf3 Kg8 
40.Re4 Bd6 41.Re8+ Bf8 42.h6 Kh7 43.Rxf8 Kxh6 44.Bc3 a4 45.Ra8 1-0

[Event "32nd WCh U20 Girls"]
[Site "Pune IND"]
[Date "2014.10.15"]
[Round "9.7"]
[White "Michelle Catherina"]
[Black "Nguyen Thi Mai Hung"]
[Result "1/2-1/2"]
[WhiteElo "2114"]
[BlackElo "2299"]
[EventDate "2014.10.06"]
[PlyCount "161"]

1.e4 e6 2.d4 d5 3.Nc3 Nf6 4.Bg5 dxe4 5.Nxe4 Nbd7 6.Nf3 h6 7.Bxf6 Nxf6 8.
Bd3 Be7 9.O-O O-O 10.Ne5 Nxe4 11.Bxe4 c5 12.dxc5 Qc7 13.Qe2 Bxc5 14.Bd3 
Rd8 15.c3 Bd6 16.f4 f6 17.Qe4 f5 18.Qe2 a6 19.a4 Bxe5 20.fxe5 Rd5 21.Rfe1 
Bd7 22.Kh1 Rd8 23.Bc4 Rc5 24.Bb3 Bc8 25.h3 Kh7 26.Qe3 a5 27.Rad1 Rxd1 28.
Bxd1 Bd7 29.Qd4 Bc6 30.b4 Rc4 31.Qd6 Qxd6 32.exd6 Rxc3 33.b5 Bd7 34.Bf3 
Rd3 35.Bxb7 Rxd6 36.Rc1 Kg6 37.Bc6 Kf6 38.Bxd7 Rxd7 39.Kh2 Ke7 40.Rb1 Rb7 
41.Kg3 Kd6 42.Rd1+ Ke5 43.Re1+ Kf6 44.h4 Rc7 45.Rb1 g5 46.hxg5+ hxg5 47.b6
Rb7 48.Rb5 Ke7 49.Kf3 g4+ 50.Kf4 Kd6 51.g3 Kc6 52.Ke5 Rxb6 53.Rxa5 Kb7 54.
Rc5 Ka6 55.Kf6 Kb7 56.Ke5 Rc6 57.Rb5+ Kc7 58.Ra5 Kd7 59.Ra7+ Rc7 60.Ra5 
Ke7 61.Rb5 Ra7 62.a5 Kd7 63.Rc5 Ra6 64.Kf6 Rc6 65.Rb5 Kd6 66.Re5 Kd7 67.
Rb5 Ra6 68.Rc5 Ra8 69.Rb5 Ra6 70.Rc5 Kd6 71.Re5 Kc7 72.Rb5 Kc6 73.Re5 Kb7 
74.Rb5+ Ka7 75.Rc5 Kb7 76.Rb5+ Ka7 77.Rc5 Rd6 78.Ke5 Ra6 79.Rb5 Rc6 80.Kf6
Ka6 81.Re5 1/2-1/2

[Event "32nd WCh U20 Girls"]
[Site "Pune IND"]
[Date "2014.10.15"]
[Round "9.9"]
[White "Petrukhina, Irina"]
[Black "Sviridova, Vlada"]
[Result "1-0"]
[WhiteElo "2218"]
[BlackElo "2069"]
[EventDate "2014.10.06"]
[PlyCount "179"]

1.d4 d5 2.c4 e6 3.Nf3 Nf6 4.g3 dxc4 5.Bg2 a6 6.Ne5 Bb4+ 7.Nc3 Nd5 8.Bd2 
Nb6 9.e3 O-O 10.Qe2 c5 11.dxc5 Bxc5 12.Nxc4 Nxc4 13.Qxc4 Nd7 14.O-O b5 15.
Qb3 Rb8 16.Ne4 Bb7 17.Rfd1 Bd5 18.Qd3 Qe7 19.Qe2 Bb6 20.a3 Bb3 21.Rdc1 Bc4
22.Rxc4 bxc4 23.Bb4 Bc5 24.Nxc5 Nxc5 25.Qxc4 Rfc8 26.Rc1 Qf6 27.Rc2 h6 28.
Bxc5 Rxb2 29.Rxb2 Qxb2 30.Bf1 a5 31.Bd4 Rxc4 32.Bxb2 Rc2 33.Bd4 Ra2 34.Bc5
Rc2 35.Be7 Rc8 36.Bb5 f5 37.Kg2 Kf7 38.Bd6 g5 39.a4 g4 40.Be5 Ke7 41.Bd4 
Kd6 42.Bb6 Ra8 43.Kf1 e5 44.Ke2 e4 45.Kd2 h5 46.Kc3 Rc8+ 47.Bc4 Ra8 48.Kd4
Rb8 49.Bxa5 Rb2 50.Be1 Rb1 51.Bd2 Rd1 52.Kc3 Kc5 53.Be6 Rf1 54.Bxf5 Rxf2 
55.Bxe4 Rxh2 56.Kd3 h4 57.gxh4 Rxh4 58.Be1 Rh2 59.Bf5 Ra2 60.a5 g3 61.Bxg3
Rxa5 62.Ke4 Kc6 63.Be5 Ra4+ 64.Kf3 Kd5 65.Bf4 Ra3 66.Kg4 Ra4 67.Kf3 Ra3 
68.Bc7 Rc3 69.Bg3 Rc1 70.e4+ Kd4 71.Kg4 Rg1 72.Kf4 Rf1+ 73.Kg4 Rg1 74.Bg6 
Rg2 75.Kf3 Ra2 76.Kf4 Rg2 77.Bf5 Ra2 78.Bh4 Ra6 79.Bf2+ Kc4 80.Kg5 Rd6 81.
Be3 Rd1 82.Kf6 Rd6+ 83.Be6+ Kd3 84.e5 Rc6 85.Bh6 Ke4 86.Bf8 Ra6 87.Bd6 Ra5
88.Bc8 Ra7 89.e6 Kd5 90.e7 1-0

[Event "32nd WCh U20 Girls"]
[Site "Pune IND"]
[Date "2014.10.15"]
[Round "9.10"]
[White "Nandhidhaa, P. V."]
[Black "Pratyusha, Bodda"]
[Result "1-0"]
[WhiteElo "2144"]
[BlackElo "2078"]
[EventDate "2014.10.06"]
[PlyCount "141"]

1.e4 e5 2.Nf3 Nc6 3.Nc3 Nf6 4.Bb5 Nd4 5.Bc4 Bc5 6.Nxe5 Qe7 7.Nf3 d5 8.Nxd5
Qxe4+ 9.Ne3 Bg4 10.Be2 Nxe2 11.Qxe2 O-O-O 12.d3 Bxf3 13.Qxf3 Qxf3 14.gxf3 
Rhe8 15.O-O Nd5 16.Re1 Nf4 17.Bd2 Re6 18.Ng4 Ne2+ 19.Kf1 Nd4 20.Rxe6 fxe6 
21.Kg2 Rf8 22.Be3 h5 23.c3 hxg4 24.fxg4 Rd8 25.Rd1 e5 26.cxd4 Bxd4 27.Bxd4
Rxd4 28.f3 g5 29.Kf2 Kd7 30.Ke3 Kd6 31.a3 c5 32.Rh1 b5 33.h4 gxh4 34.Rxh4 
c4 35.dxc4 bxc4 36.Ke2 Rf4 37.Rh6+ Kd5 38.Rh7 e4 39.fxe4+ Kxe4 40.Re7+ Kd4
41.Rd7+ Ke4 42.Rg7 a5 43.Kd2 Kd4 44.Rd7+ Kc5 45.g5 Rf2+ 46.Kc3 Rf3+ 47.Kc2
Rg3 48.Ra7 Rg2+ 49.Kc3 Rg3+ 50.Kd2 Rg2+ 51.Kc1 Rg1+ 52.Kc2 Rg2+ 53.Kb1 Kb5
54.Rg7 Ka4 55.g6 c3 56.bxc3 Kb3 57.Kc1 Kxc3 58.Kd1 Kb3 59.Rb7+ Kxa3 60.g7 
a4 61.Ke1 Ka2 62.Kf1 Rg6 63.Kf2 a3 64.Kf3 Ka1 65.Kf4 a2 66.Kf5 Rxg7 67.
Rxg7 Kb2 68.Rb7+ Kc2 69.Rc7+ Kb2 70.Ra7 Kc2 71.Rxa2+ 1-0

[Event "32nd WCh U20 Girls"]
[Site "Pune IND"]
[Date "2014.10.15"]
[Round "9.11"]
[White "Furtado, Ivana Maria"]
[Black "Madhurima, Shekhar"]
[Result "1/2-1/2"]
[WhiteElo "2165"]
[BlackElo "2000"]
[EventDate "2014.10.06"]
[PlyCount "119"]

1.c4 c6 2.e4 d5 3.exd5 cxd5 4.cxd5 Nf6 5.Qa4+ Bd7 6.Qb3 Qc7 7.Nc3 Bf5 8.
Nf3 Nbd7 9.d4 a6 10.a4 e5 11.dxe6 Bxe6 12.Qd1 Bb4 13.Bd2 O-O 14.Be2 Nb6 
15.O-O Rac8 16.Ne4 Bxd2 17.Nxf6+ gxf6 18.Qxd2 Qc2 19.a5 Qxd2 20.Nxd2 Rc2 
21.Rfd1 Nd5 22.Rab1 Rfc8 23.Bd3 R2c7 24.Ne4 f5 25.Nc5 Nf4 26.Bf1 Bd5 27.
Re1 Ne6 28.Re5 Ba2 29.Ra1 Nxd4 30.Na4 Be6 31.Nb6 Rc1 32.Re1 Rxa1 33.Rxa1 
Rc2 34.Rb1 Ba2 35.Rd1 Nc6 36.Rd7 Nxa5 37.b4 Nc4 38.Nxc4 Bxc4 39.Rd4 b5 40.
Bxc4 bxc4 41.g3 Kf8 42.Rd6 Rb2 43.Rxa6 Rxb4 44.Kf1 Ke7 45.Ke2 Rb2+ 46.Ke3 
c3 47.Ra1 c2 48.Rc1 Kf6 49.Kd2 Kg5 50.h3 h5 51.Rxc2 Rxc2+ 52.Kxc2 f4 53.
Kd3 f5 54.Ke2 fxg3 55.fxg3 h4 56.Kf3 hxg3 57.Kxg3 f4+ 58.Kf3 Kh4 59.Kxf4 
Kxh3 60.Ke4 1/2-1/2

[Event "32nd WCh U20 Girls"]
[Site "Pune IND"]
[Date "2014.10.15"]
[Round "9.12"]
[White "Varshini, Velavan"]
[Black "Monpeurt, Cyrielle"]
[Result "1/2-1/2"]
[WhiteElo "2040"]
[BlackElo "2115"]
[EventDate "2014.10.06"]
[PlyCount "60"]

1.e4 e5 2.Nf3 Nc6 3.Bc4 Nf6 4.d3 Bc5 5.O-O d6 6.c3 O-O 7.Nbd2 a6 8.Bb3 Ba7
9.h3 Be6 10.Re1 h6 11.Nf1 Ne7 12.d4 Ng6 13.dxe5 dxe5 14.Bxe6 Qxd1 15.Bxf7+
Rxf7 16.Rxd1 Nxe4 17.Be3 Bxe3 18.fxe3 Raf8 19.N1d2 Nxd2 20.Rxd2 e4 21.Nh2 
Nh4 22.Rf1 Nf5 23.Ng4 Re8 24.Rd5 Nd6 25.Rxf7 Kxf7 26.Kf2 Kg6 27.Ne5+ Kf6 
28.Ng4+ Kg6 29.Ne5+ Kf6 30.Ng4+ Kg6 1/2-1/2

[Event "32nd WCh U20 Girls"]
[Site "Pune IND"]
[Date "2014.10.15"]
[Round "9.13"]
[White "Kurbonboeva, Sarvinoz"]
[Black "Gu Tianlu"]
[Result "1/2-1/2"]
[WhiteElo "2212"]
[BlackElo "2055"]
[EventDate "2014.10.06"]
[PlyCount "69"]

1.c4 c5 2.Nc3 Nc6 3.g3 g6 4.Bg2 Bg7 5.Nf3 Nf6 6.O-O O-O 7.d3 e6 8.Be3 Qe7 
9.d4 cxd4 10.Nxd4 Ng4 11.Nxc6 bxc6 12.Bd2 Ne5 13.b3 d5 14.cxd5 cxd5 15.Rc1
Ba6 16.Na4 Rac8 17.Be3 Rxc1 18.Bxc1 d4 19.Bb2 Rd8 20.Qd2 Bb5 21.Rc1 h5 22.
Nc5 Kh7 23.a4 Be8 24.Rc2 Bh6 25.Qd1 Nc6 26.Nd3 Qd6 27.Qa1 e5 28.Qa3 Qe6 
29.Bc1 Bg7 30.Nc5 Qe7 31.Nd3 Qe6 32.Nc5 Qe7 33.Nd3 Qe6 34.Nc5 Qe7 35.Nd3 
1/2-1/2

[Event "32nd WCh U20 Girls"]
[Site "Pune IND"]
[Date "2014.10.15"]
[Round "9.14"]
[White "Khaled, Mouna"]
[Black "Liu Manli"]
[Result "1-0"]
[WhiteElo "2191"]
[BlackElo "2039"]
[EventDate "2014.10.06"]
[PlyCount "41"]

1.d4 Nf6 2.Nf3 d5 3.e3 e6 4.Bd3 Be7 5.Ne5 O-O 6.Nd2 c5 7.c3 b6 8.f4 Ba6 9.
Bc2 Qc7 10.g4 Nfd7 11.g5 Nxe5 12.fxe5 Bxg5 13.Qh5 h6 14.Nf3 cxd4 15.exd4 
Bxc1 16.Rxc1 Nc6 17.Rg1 Kh8 18.Kd2 f5 19.Rg6 Rae8 20.Rcg1 Nd8 21.Ng5 1-0

[Event "32nd WCh U20 Girls"]
[Site "Pune IND"]
[Date "2014.10.15"]
[Round "9.15"]
[White "Harshita, Guddanti"]
[Black "Gevorgian, Maria"]
[Result "0-1"]
[WhiteElo "1925"]
[BlackElo "2160"]
[EventDate "2014.10.06"]
[PlyCount "80"]

1.e4 e5 2.Nf3 Nf6 3.Nxe5 d6 4.Nf3 Nxe4 5.d4 d5 6.Bd3 Nc6 7.O-O Bg4 8.c4 
Nf6 9.Bg5 Be7 10.Be2 dxc4 11.Nbd2 Nd5 12.Bxe7 Ncxe7 13.Nxc4 Nf4 14.Nce5 
Be6 15.Bc4 Bxc4 16.Nxc4 O-O 17.Ne3 c6 18.Qc2 Qa5 19.Rfe1 Rfe8 20.Nc4 Qh5 
21.Qe4 Neg6 22.Qxe8+ Rxe8 23.Rxe8+ Nf8 24.Ne3 Nh3+ 25.gxh3 Qxf3 26.d5 g6 
27.Rd1 cxd5 28.Rxd5 Kg7 29.Rdd8 Ne6 30.Rg8+ Kh6 31.Rd5 Qxh3 32.Ng2 Qg4 33.
h3 Qxh3 34.Re5 Qg4 35.Kh2 Nf4 36.Ne1 Qh4+ 37.Kg1 Nh3+ 38.Kg2 Qg4+ 39.Kf1 
Qg1+ 40.Ke2 Qxf2+ 0-1

[Event "32nd WCh U20 Girls"]
[Site "Pune IND"]
[Date "2014.10.15"]
[Round "9.16"]
[White "Shweta, Gole"]
[Black "Pujari, Rucha"]
[Result "0-1"]
[WhiteElo "1881"]
[BlackElo "2113"]
[EventDate "2014.10.06"]
[PlyCount "196"]

1.d4 d5 2.c4 e6 3.Nc3 c6 4.e3 Bd6 5.Nf3 f5 6.Bd3 Nf6 7.Qc2 Ne4 8.O-O Nd7 
9.b3 O-O 10.a4 Qe7 11.c5 Bc7 12.Bb2 Rf6 13.g3 Rh6 14.Ne2 Ndf6 15.b4 Ng4 
16.b5 Bd7 17.Bc1 Qe8 18.Kg2 cxb5 19.c6 bxc6 20.axb5 Bd6 21.bxc6 Bxc6 22.h3
Ngf6 23.Ne5 Bb5 24.Bxb5 Qxb5 25.Ba3 Qe8 26.Bxd6 Nxd6 27.Qc5 Nfe4 28.Qc7 
Nb5 29.Qa5 Rf6 30.Rfb1 Ned6 31.Nc3 Nxc3 32.Qxc3 Nf7 33.Nc6 e5 34.Nxe5 Nxe5
35.dxe5 Re6 36.Rb7 Re7 37.Rab1 Rd8 38.Qc5 Rxb7 39.Rxb7 Qxe5 40.Qxa7 Qe4+ 
41.Kh2 Qe5 42.Rd7 Rxd7 43.Qxd7 h6 44.Qc8+ Kh7 45.Qb7 Qe6 46.Qc7 Qe4 47.Kg1
Qe6 48.Kh2 Kg6 49.Qf4 Qf7 50.h4 Qe6 51.Qc7 Qe4 52.Qd6+ Kh5 53.Qf8 Qf3 54.
Qxg7 Qxf2+ 55.Kh3 Qf1+ 56.Kh2 Qe2+ 57.Kh1 Qxe3 58.Kh2 Qe2+ 59.Kg1 Qg4 60.
Qf7+ Qg6 61.Qc7 Qe6 62.Kh2 d4 63.Qg7 Qe2+ 64.Kh1 d3 65.Qf7+ Kg4 66.Qg6+ 
Kh3 67.Qxf5+ Kxg3 68.Qg6+ Kh3 69.Qf5+ Kg3 70.Qg6+ Kf3 71.Qf6+ Ke4 72.Qe6+ 
Kd4 73.Qd6+ Kc3 74.Qc6+ Kb2 75.Qb6+ Kc2 76.Qc6+ Kb1 77.Qb5+ Kc1 78.Qc5+ 
Kd1 79.h5 d2 80.Qb4 Qxh5+ 81.Kg1 Qg6+ 82.Kf1 Qd3+ 83.Kg1 Ke2 84.Qg4+ Qf3 
85.Qc4+ Qd3 86.Qg4+ Ke3 87.Qg3+ Kd4 88.Qd6+ Kc3 89.Qa3+ Kc2 90.Qa2+ Kc1 
91.Qa1+ Qb1 92.Qc3+ Qc2 93.Qa3+ Qb2 94.Qc5+ Kb1 95.Qf5+ Qc2 96.Qb5+ Kc1 
97.Kh2 d1=Q+ 98.Kg3 Qcd3+ 0-1

[Event "32nd WCh U20 Girls"]
[Site "Pune IND"]
[Date "2014.10.15"]
[Round "9.17"]
[White "Monnisha, Gajendra Babu Kannaiyan"]
[Black "Ni Shiqun"]
[Result "1/2-1/2"]
[WhiteElo "2016"]
[BlackElo "2312"]
[EventDate "2014.10.06"]
[PlyCount "74"]

1.e4 e6 2.d4 d5 3.Nc3 Nf6 4.Bg5 Bb4 5.e5 h6 6.Bd2 Bxc3 7.Bxc3 Ne4 8.Bb4 c5
9.Bxc5 Nxc5 10.dxc5 Qa5+ 11.Qd2 Qxc5 12.Nf3 Nc6 13.Bd3 b6 14.O-O a5 15.
Rfc1 Ba6 16.Bxa6 Rxa6 17.Qe2 Ra7 18.c4 d4 19.a3 O-O 20.Re1 a4 21.Qd3 Rd8 
22.Re4 Na5 23.Rc1 Rad7 24.Rg4 Kh8 25.Rh4 Qe7 26.g3 Nb3 27.Rd1 Nc5 28.Qd2 
Kh7 29.Rxd4 Rxd4 30.Nxd4 f5 31.exf6 Qxf6 32.Qc2+ Qg6 33.Qxg6+ Kxg6 34.Rd2 
Ne4 35.Rd3 Nc5 36.Rd2 Ne4 37.Rd3 Nc5 1/2-1/2

[Event "32nd WCh U20 Girls"]
[Site "Pune IND"]
[Date "2014.10.15"]
[Round "9.18"]
[White "Zarkovic, Mila"]
[Black "Azimova, Karina"]
[Result "1/2-1/2"]
[WhiteElo "2136"]
[BlackElo "2063"]
[EventDate "2014.10.06"]
[PlyCount "77"]

1.e4 Nf6 2.e5 Nd5 3.d4 d6 4.Nf3 g6 5.Bc4 Nb6 6.Bb3 Bg7 7.Ng5 e6 8.f4 O-O 
9.O-O c5 10.dxc5 dxc5 11.Qxd8 Rxd8 12.Be3 Na6 13.Ne4 Bf8 14.Nbc3 Bd7 15.
Nf6+ Kg7 16.Nce4 Bc6 17.c4 h5 18.Rad1 Be7 19.Bf2 Nd7 20.Nxd7 Bxe4 21.Ba4 
Rac8 22.Rd2 Nb4 23.Re1 Bf5 24.a3 Nd3 25.Red1 Nxf4 26.Be3 Bg5 27.Kf2 Bh6 
28.h4 g5 29.Bxf4 gxf4 30.Nf6 Rxd2+ 31.Rxd2 f3 32.Rd7 fxg2 33.Kxg2 Kg6 34.
Bd1 Bg4 35.Bc2+ Bf5 36.Bd1 Bg4 37.Bc2+ Bf5 38.Bd1 Bg4 39.Bc2+ 1/2-1/2

[Event "32nd WCh U20 Girls"]
[Site "Pune IND"]
[Date "2014.10.15"]
[Round "9.19"]
[White "Fransson, Angelina"]
[Black "Fronda, Jan Jodilyn"]
[Result "0-1"]
[WhiteElo "2019"]
[BlackElo "2127"]
[EventDate "2014.10.06"]
[PlyCount "122"]

1.e4 c5 2.Nf3 e6 3.d3 Nc6 4.g3 d5 5.Nbd2 Nf6 6.Bg2 Be7 7.O-O O-O 8.Re1 b5 
9.e5 Nd7 10.Nf1 f6 11.exf6 Bxf6 12.c4 bxc4 13.dxc4 Nb6 14.Ne3 Rb8 15.Nd2 
Ne5 16.Qe2 Kh8 17.f4 Nexc4 18.Ndxc4 dxc4 19.Be4 Bb7 20.Bxb7 Rxb7 21.Nxc4 
Qd4+ 22.Ne3 Nd5 23.Rd1 Qe4 24.Qd3 Qxd3 25.Rxd3 Nxe3 26.Bxe3 c4 27.Rd6 Rxb2
28.Rc1 Rc8 29.g4 Re2 30.Rxe6 Kg8 31.f5 c3 32.g5 Rxe3 33.Rxe3 Bd4 34.Kf2 
Rc5 35.Ke2 Bxe3 36.Kxe3 Rxf5 37.Rxc3 Rxg5 38.Rc8+ Kf7 39.Rc7+ Kg6 40.Rxa7 
Rg2 41.Ra6+ Kh5 42.Ra7 Kh6 43.Kf3 Rxh2 44.Kg3 Rc2 45.Ra4 g5 46.Kg4 Rc6 47.
Rb4 Kg6 48.a4 h5+ 49.Kg3 Rc3+ 50.Kf2 h4 51.a5 Ra3 52.Rb6+ Kh5 53.a6 Kg4 
54.Rg6 h3 55.Kg1 Ra1+ 56.Kh2 Ra2+ 57.Kg1 Kh4 58.Rb6 g4 59.Rc6 h2+ 60.Kh1 
Kh3 61.Rc1 g3 0-1